| 000 | 00358nam a2200109Ia 4500 | ||
|---|---|---|---|
| 008 | 220204s9999 xx 000 0 und d | ||
| 082 |
_a338.43.01:016(540) _bJAI.1 |
||
| 100 | _aJAIN, T C | ||
| 245 | 0 | _aSurvey of Indian agro-bio-economic and allied literature 1947-1975: A bibliography. V 1. Classified part | |
| 260 |
_aNew Delhi _bAgricole _c1978 |
||
| 942 | _cBK | ||
| 999 |
_c36614 _d36614 |
||